[Event "Hastings 7980"]
[Site "Hastings"]
[Date "1979.??.??"]
[Round "7"]
[White "Mestel, A Jonathan"]
[Black "Makarichev, Sergey"]
[Result "0-1"]
[WhiteElo "2475"]
[BlackElo "2500"]
[PlyCount "56"]
[EventDate "1979.12.??"]
[Source "ChessBase"]

1. e4 e5 2. Nf3 Nf6 3. Bc4 Nxe4 4. Nc3 Nc6 5. O-O Nxc3 6. dxc3 h6 7. Qd5 Qf6 8. Re1 Bd6 9. Nxe5 Bxe5 10. f4 d6 11. fxe5 dxe5 12. Bb5 Bd7 13. Bxc6 Bxc6 14. Rxe5+ Kf8 15. Qc5+ Kg8 16. Re2 Rd8 17. Be3 Kh7 18. Qxa7 Rhe8 19. Rf2 Qg6 20. h3 Re4 21. Bd4 Rd5 22. Rd1 Rg5 23. Kf1 Re6 24. g4 Bb5+ 25. Kg1 Rxg4+ 26. Kh2 Rg3 27. Rdd2 Rxh3+ 28. Kxh3 Qh5+ 0-1

[Event "Equitable Card Invitational"]
[Site "?"]
[Date "2000.07.06"]
[Round "7"]
[White "Mariano Nelson"]
[Black "Antonio Rogelio jr"]
[Result "1/2-1/2"]
[WhiteElo "2403"]
[BlackElo "2551"]
[PlyCount "38"]
[EventDate "2000.??.??"]
[Source "www.chesslib.no"]
[SourceDate "2004.05.04"]

1. e4 e5 2. Nf3 Nf6 3. Bc4 Nxe4 4. Nc3 Nf6 5. Nxe5 d5 6. Bb3 Bb4 7. O-O O-O 8. Qf3 Nc6 9. Nxc6 bxc6 10. h3 a5 11. a3 Bd6 12. d4 Nd7 13. Re1 Qh4 14. Be3 Nf6 15. Rad1 Bd7 16. Na4 Ng4 17. Bf4 Nf6 18. Be5 Rfb8 19. Nc5 Be8 1/2-1/2

[Event "1st Asean GM"]
[Site "Bangkok"]
[Date "2004.06.07"]
[Round "4"]
[White "Mariano, Nelson"]
[Black "Nguyen Anh Dung"]
[Result "1/2-1/2"]
[WhiteElo "2416"]
[BlackElo "2535"]
[PlyCount "79"]
[EventDate "2004.06.04"]
[Source "Roberto Alvarez"]
[SourceDate "2004.06.07"]

1. e4 e5 2. Nf3 Nf6 3. Bc4 Nxe4 4. Nc3 Nc6 5. Nxe4 d5 6. Bd3 dxe4 7. Bxe4 Bd6 8. d4 exd4 9. Bxc6+ bxc6 10. Qxd4 O-O 11. O-O c5 12. Qc3 Bb7 13. b3 Qe8 14. Re1 Qc6 15. Bb2 f6 16. Qc4+ Kh8 17. Re3 Rae8 18. Rae1 Rxe3 19. Rxe3 Re8 20. Qe2 Rxe3 21. Qxe3 Kg8 22. h4 Kf7 23. Qd3 Qe4 24. Qxe4 Bxe4 25. Ne1 h5 26. Kf1 Ke6 27. Ke2 Kd5 28. Ke3 Bf5 29. g3 c4 30. Kd2 Bc5 31. Ke2 a6 32. Bc3 Bg4+ 33. f3 Bf5 34. Ng2 cxb3 35. cxb3 Bd6 36. Nf4+ Bxf4 37. gxf4 Bb1 38. Kd2 c6 39. a3 Bf5 40. Bb2 1/2-1/2

[Event "Pardubice"]
[Site "?"]
[Date "1992.??.??"]
[Round "?"]
[White "Rublevsky, S."]
[Black "Scetinin, A."]
[Result "1-0"]
[WhiteElo "2535"]
[BlackElo "2350"]
[PlyCount "35"]
[EventDate "1992.??.??"]
[Source "ChessBase"]
[SourceDate "1992.06.01"]

1. e4 e5 2. Nf3 Nf6 3. Bc4 Nxe4 4. Nc3 Nxc3 5. dxc3 f6 6. Nh4 g6 7. f4 Qe7 8. f5 Qg7 9. fxg6 hxg6 10. Qg4 Kd8 11. Qg3 g5 12. Nf5 Qh7 13. O-O c6 14. Bd3 d5 15. Nd6 e4 16. Rxf6 exd3 17. Bxg5 Be7 18. Rf7 1-0

[Event "Corr"]
[Site "?"]
[Date "2001.??.??"]
[Round "1"]
[White "Miraglia Jorge"]
[Black "Menendez Daniel"]
[Result "1/2-1/2"]
[WhiteElo "2415"]
[BlackElo "2450"]
[PlyCount "34"]
[EventDate "2001.??.??"]
[Source "www.chesslib.no"]
[SourceDate "2004.05.04"]

1. e4 e5 2. Nf3 Nf6 3. Bc4 Nxe4 4. Nc3 Nc6 5. Nxe4 d5 6. Bd3 dxe4 7. Bxe4 Bd6 8. d4 Nxd4 9. Nxd4 exd4 10. Qxd4 O-O 11. Be3 Re8 12. O-O-O Qh4 13. Bf3 Qxd4 14. Rxd4 Bc5 15. Rd2 Bxe3 16. fxe3 Kf8 17. e4 Be6 1/2-1/2

[Event "Quito Copa Saeta 1st"]
[Site "?"]
[Date "1997.??.??"]
[Round "15"]
[White "Gamboa Nelson"]
[Black "Perdomo Carlos Andres"]
[Result "1/2-1/2"]
[WhiteElo "2415"]
[BlackElo "2435"]
[PlyCount "22"]
[EventDate "1997.??.??"]
[Source "www.chesslib.no"]
[SourceDate "2004.05.04"]

1. e4 e5 2. Nf3 Nf6 3. Bc4 Bc5 4. O-O Nc6 5. d3 d6 6. Nc3 Be6 7. Bb3 Qe7 8. Be3 Bb6 9. Bxb6 axb6 10. Re1 Bxb3 11. axb3 O-O 1/2-1/2

[Event "It Jose Rubinstein"]
[Site "?"]
[Date "2000.11.22"]
[Round "7"]
[White "Ginzburg Maximiliano"]
[Black "Pierrot Facundo"]
[Result "1/2-1/2"]
[WhiteElo "2389"]
[BlackElo "2423"]
[PlyCount "51"]
[EventDate "2000.??.??"]
[Source "www.chesslib.no"]
[SourceDate "2004.05.04"]

1. e4 e5 2. Nf3 Nf6 3. Bc4 Nxe4 4. Nc3 Nf6 5. Nxe5 d5 6. Qe2 Be7 7. Bb3 O-O 8. d4 c6 9. O-O Re8 10. Bf4 Nbd7 11. Qf3 Nf8 12. Rfe1 Ne6 13. Rad1 Nxf4 14. Qxf4 Bf8 15. Ne2 Qc7 16. h3 Nh5 17. Qf3 g6 18. g4 Ng7 19. Nf4 Be6 20. c3 f6 21. Nxe6 Rxe6 22. Nd3 Qf7 23. Nf4 Rxe1+ 24. Rxe1 Rd8 25. Kg2 Kh8 26. Re3 1/2-1/2

[Event "CZE Ch U20"]
[Site "Usti nad Labem"]
[Date "1996.??.??"]
[Round "7"]
[White "Vavra, Pavel"]
[Black "Oral, Tomas"]
[Result "1-0"]
[WhiteElo "2350"]
[BlackElo "2460"]
[PlyCount "63"]
[EventDate "1996.??.??"]
[Source "www.chesslib.no"]
[SourceDate "2004.05.04"]

1. e4 e5 2. Nf3 Nf6 3. Bc4 Nxe4 4. Nc3 Nf6 5. Nxe5 d5 6. Bb3 Bd6 7. d4 c6 8. Bg5 h6 9. Bh4 Nbd7 10. Qe2 Qe7 11. O-O Nxe5 12. dxe5 Bxe5 13. Rfe1 Bd6 14. Nxd5 Qxe2 15. Rxe2+ Be6 16. Nxf6+ gxf6 17. Bxe6 fxe6 18. Rxe6+ Kd7 19. Rxf6 Raf8 20. Rxf8 Rxf8 21. Rd1 Kc7 22. Bg3 Bxg3 23. hxg3 b5 24. f4 a5 25. Kf2 b4 26. Kf3 a4 27. g4 c5 28. f5 Kc6 29. Kf4 c4 30. b3 axb3 31. axb3 c3 32. Rd4 1-0

[Event "Spring op"]
[Site "Budapest"]
[Date "1992.??.??"]
[Round "?"]
[White "Scetinin, Alexander"]
[Black "Raetsky, Alexander"]
[Result "0-1"]
[WhiteElo "2350"]
[BlackElo "2455"]
[PlyCount "94"]
[EventDate "1992.03.??"]
[Source "ChessBase"]

1. e4 e5 2. Nf3 Nf6 3. Bc4 Nxe4 4. Nc3 Nc6 5. O-O Nf6 6. Nxe5 Nxe5 7. Re1 Be7 8. Rxe5 d6 9. Rg5 g6 10. d4 h5 11. Qe2 Bf5 12. Rxf5 gxf5 13. Bg5 Kf8 14. Re1 Ng8 15. Bxe7+ Qxe7 16. Qd2 Qd7 17. Qg5 Re8 18. Rxe8+ Qxe8 19. Kf1 Rh6 20. Qxf5 c6 21. Nd1 d5 22. Bd3 Qe6 23. Qf4 Qd6 24. Qg5 Qf6 25. Qe3 Qh4 26. Qe5 Re6 27. Qb8+ Kg7 28. Ne3 Nh6 29. c3 Rf6 30. f3 Ng4 31. Nxg4 hxg4 32. Be2 gxf3 33. gxf3 Qf4 34. Qxb7 Qxh2 35. Qxa7 Rg6 36. Ke1 Rg1+ 37. Kd2 Qf4+ 38. Kc2 Rg2 39. Qa6 Qxf3 40. Kd2 Qf4+ 41. Kd1 Qe3 42. a4 Qg1+ 43. Kd2 Qb1 44. Qb7 Rg1 45. Ke3 Qe1 46. Qa6 Rg3+ 47. Kf4 Qf2+ 0-1

[Event "1st Sea Chess TCh, Kuala Lumpur MAI"]
[Site "?"]
[Date "2001.??.??"]
[Round "5"]
[White "Mariano, N."]
[Black "Nguyen Thanh Son"]
[Result "0-1"]
[WhiteElo "2395"]
[BlackElo "2400"]
[PlyCount "136"]
[EventDate "2001.??.??"]
[Source "www.chesslib.no"]
[SourceDate "2004.05.04"]

1. e4 e5 2. Nf3 Nf6 3. Bc4 Nxe4 4. Nc3 Nc6 5. Bxf7+ Kxf7 6. Nxe4 d5 7. Neg5+ Kg8 8. d4 h6 9. Nh3 e4 10. Ne5 Nxe5 11. dxe5 Bxh3 12. gxh3 Bc5 13. Qg4 Qe7 14. Bf4 c6 15. c3 Rf8 16. Rg1 Qf7 17. Rg2 Rh7 18. Bg3 Qf3 19. Qxf3 Rxf3 20. Ke2 Kf7 21. h4 Ke6 22. h5 Rf5 23. Rf1 Rxh5 24. f3 exf3+ 25. Rxf3 Rg5 26. h4 Rg4 27. Rf4 Rxf4 28. Bxf4 Kf5 29. Kf3 g6 30. Rg4 Be7 31. Be3 a6 32. h5 g5 33. Rg2 Rf7 34. Re2 Ke6+ 35. Kg4 Rf5 36. Bf2 Rf4+ 37. Kh3 Bf8 38. Bg3 Rf5 39. Kg4 Bg7 40. Rf2 Rxf2 41. Bxf2 Bxe5 42. Bc5 Bd6 43. Bd4 Bf8 44. b4 Kf7 45. a4 Bg7 46. Kf5 b6 47. Bxb6 Bxc3 48. Bc5 Bf6 49. Be3 Bc3 50. Bc5 d4 51. Ke4 g4 52. Bd6 Kf6 53. Bf4 Bxb4 54. Kxd4 Kf5 55. Bxh6 g3 56. Be3 g2 57. Kd3 Bf8 58. Ke2 Bh6 59. Bb6 Kg4 60. Kf2 Kh3 61. Kf3 Kh2 62. Ke4 Bf8 63. Ke5 g1=Q 64. Bxg1+ Kxg1 65. Kd4 a5 66. h6 Bxh6 67. Kc5 Bd2 68. Kxc6 Kf2 0-1

[Event "Dreszer Memorial"]
[Site "Gdynia POL"]
[Date "1988.??.??"]
[Round "5"]
[White "Jigjidsuren, Purev"]
[Black "Tomaszewski, Roman"]
[Result "1/2-1/2"]
[WhiteElo "2395"]
[BlackElo "2370"]
[PlyCount "83"]
[EventDate "1988.??.??"]
[Source "www.chesslib.no"]
[SourceDate "2004.05.04"]

1. e4 e5 2. Nf3 Nf6 3. Bc4 Nxe4 4. Qe2 d5 5. Nxe5 Bc5 6. d3 Bxf2+ 7. Kf1 Qe7 8. Bxd5 Qxe5 9. Qxe4 Qxe4 10. Bxe4 Bb6 11. Nc3 c6 12. Bf4 O-O 13. Na4 Bd4 14. c3 Bf6 15. Re1 Nd7 16. Bd6 Rd8 17. Bc7 Rf8 18. d4 Nb6 19. Nxb6 axb6 20. Bxb6 Rxa2 21. Bc5 Rd8 22. Ba3 g6 23. Ke2 Be6 24. Kd3 Bg7 25. Kc2 Bf8 26. Bxf8 Kxf8 27. Ra1 Rda8 28. Rxa2 Rxa2 29. Re1 Ra5 30. Kd3 Ke7 31. b4 Ra7 32. d5 cxd5 33. Bxd5 Kd7 34. Kd4 Kd6 35. Bxe6 fxe6 36. Re2 b6 37. Kc4 Rc7+ 38. Kb5 Rxc3 39. Kxb6 e5 40. Rd2+ Ke6 41. Ka5 Rb3 42. b5 1/2-1/2

[Event "RUS-ch 1/2 fin"]
[Site "?"]
[Date "2002.??.??"]
[Round "7"]
[White "Novikov Maxim"]
[Black "Kuljabin Vadim"]
[Result "1/2-1/2"]
[WhiteElo "2434"]
[BlackElo "2327"]
[PlyCount "39"]
[EventDate "2002.??.??"]
[Source "www.chesslib.no"]
[SourceDate "2004.05.04"]

1. e4 e5 2. Nf3 Nf6 3. Bc4 Nxe4 4. Nc3 Nc6 5. O-O Nd6 6. Bd5 Be7 7. Re1 O-O 8. Nxe5 Nxe5 9. Rxe5 Bf6 10. Re1 c6 11. Bb3 Nf5 12. Ne4 Bh4 13. d4 d5 14. Ng3 Nxg3 15. hxg3 Bf6 16. c3 Bf5 17. Bc2 Bxc2 18. Qxc2 Re8 19. Rxe8+ Qxe8 20. Be3 1/2-1/2

[Event "Ceske Budejovice Open"]
[Site "Ceske Budejovice CZE"]
[Date "1995.??.??"]
[Round "2"]
[White "Jirovsky, Pavel"]
[Black "Tolstikh, Nikolay"]
[Result "0-1"]
[WhiteElo "2315"]
[BlackElo "2405"]
[PlyCount "157"]
[EventDate "1995.??.??"]
[Source "www.chesslib.no"]
[SourceDate "2004.05.04"]

1. e4 e5 2. Nf3 Nf6 3. Bc4 Nxe4 4. Nc3 Nf6 5. Nxe5 d5 6. Bb3 Be7 7. O-O O-O 8. d4 c6 9. Ne2 Nbd7 10. c4 dxc4 11. Bxc4 Nxe5 12. dxe5 Qxd1 13. Rxd1 Ng4 14. Bf4 Bc5 15. Bg3 Re8 16. Nc3 Bf5 17. Re1 Bd4 18. Re2 Kf8 19. Rae1 b5 20. Bb3 Bd3 21. e6 Bxe2 22. Bd6+ Re7 23. Rxe2 f5 24. Rd2 Bb6 25. Bxe7+ Kxe7 26. Rd7+ Kf6 27. Rf7+ Kg6 28. Ne2 Bxf2+ 29. Kf1 Be3 30. Bc2 Nh6 31. Rc7 c5 32. Nc3 Re8 33. Rc6 Ng4 34. Nxb5 Bf4 35. Ke2 Bxh2 36. Bb3 c4 37. Bc2 Be5 38. Rxc4 Kf6 39. Nxa7 Rxe6 40. Rc6 Bxb2+ 41. Rxe6+ Kxe6 42. Nc6 g6 43. Bb3+ Kd6 44. Nb4 Ba3 45. Nd3 Ke7 46. Kf3 Kf6 47. Bd5 g5 48. Ne1 Ne5+ 49. Ke2 Ng6 50. Bb7 g4 51. Nc2 Bc5 52. a4 Kg5 53. a5 f4 54. a6 Ne5 55. Na3 Kh4 56. Nb5 Kg3 57. a7 Bxa7 58. Nxa7 Nc4 59. Kf1 Nd6 60. Bc6 Kh2 61. Bd5 Nf5 62. Kf2 Nh4 63. Nc6 g3+ 64. Ke2 Nxg2 65. Ne5 Nh4 66. Kf1 h5 67. Bc6 g2+ 68. Bxg2 Nxg2 69. Kf2 h4 70. Nf3+ Kh1 71. Ng5 Ne3 72. Kf3 Nd5 73. Kg4 Kg2 74. Kxh4 Nf6 75. Nh3 f3 76. Nf4+ Kf2 77. Nh3+ Ke3 78. Kg3 Ne4+ 79. Kh2 0-1

[Event "Magyarorszag"]
[Site "?"]
[Date "1987.??.??"]
[Round "?"]
[White "Szell, L."]
[Black "Autenrieth, M."]
[Result "1-0"]
[WhiteElo "2365"]
[BlackElo "2355"]
[PlyCount "80"]
[EventDate "1987.??.??"]
[Source "ChessBase"]
[SourceDate "1987.07.01"]

1. e4 e5 2. Nf3 Nf6 3. Bc4 Nxe4 4. Nc3 Nxc3 5. dxc3 f6 6. Nh4 g6 7. f4 Qe7 8. f5 Qg7 9. fxg6 hxg6 10. Qg4 Kd8 11. Qg3 g5 12. Nf5 Qg6 13. Bd3 d5 14. Ne7 Qf7 15. Nxc8 e4 16. Be2 Kxc8 17. Be3 Bd6 18. Qf2 Qe6 19. h3 Nd7 20. O-O-O Ne5 21. Rhf1 Rh6 22. c4 c6 23. cxd5 cxd5 24. h4 Be7 25. hxg5 fxg5 26. Qf5 Kc7 27. Qxe6 Rxe6 28. Rxd5 Kc6 29. Rdd1 Rg8 30. Rf5 Bc5 31. Bd4 Bxd4 32. Rxd4 a6 33. Rxe4 Kd6 34. Rd4+ Ke7 35. Bc4 Nxc4 36. Rxc4 b6 37. Rc7+ Kd6 38. Rff7 Rh8 39. Rcd7+ Kc5 40. Rf5+ Kc6 1-0

[Event "Tula (Russia)"]
[Site "?"]
[Date "2004.01.24"]
[Round "2"]
[White "Pendurin Evgeniy"]
[Black "Afromeev Vladimir"]
[Result "0-1"]
[WhiteElo "2155"]
[BlackElo "2547"]
[PlyCount "36"]
[EventDate "2004.??.??"]
[Source "www.chesslib.no"]
[SourceDate "2004.05.04"]

1. e4 e5 2. Nf3 Nf6 3. Bc4 Nxe4 4. Qe2 d5 5. O-O Bc5 6. Nxe5 O-O 7. d3 Bxf2+ 8. Rxf2 Nxf2 9. Bb3 f6 10. Qxf2 fxe5 11. Qg3 Nc6 12. Bh6 Qf6 13. Bxd5+ Kh8 14. Bxg7+ Qxg7 15. Qxg7+ Kxg7 16. Nc3 Nd4 17. Re1 c6 18. Bb3 Re8 0-1

[Event "Team Championships"]
[Site "?"]
[Date "1998.02.07"]
[Round "6"]
[White "Jirovsky Petr"]
[Black "Tichy Vladimir"]
[Result "1/2-1/2"]
[WhiteElo "2365"]
[BlackElo "2335"]
[PlyCount "58"]
[EventDate "1998.??.??"]
[Source "www.chesslib.no"]
[SourceDate "2004.05.04"]

1. e4 e5 2. Nf3 Nf6 3. Bc4 Nxe4 4. Nc3 Nd6 5. Bd5 Nc6 6. O-O Be7 7. Re1 O-O 8. Nxe5 Nxe5 9. Rxe5 Bf6 10. Re1 c6 11. Bf3 Nf5 12. Ne4 d5 13. Ng3 Nd4 14. d3 Re8 15. Rxe8+ Qxe8 16. Kf1 g6 17. c3 Nxf3 18. Qxf3 Bg7 19. Bg5 Qe5 20. h4 Be6 21. Re1 Qd6 22. Bf4 Qd8 23. h5 Qf6 24. h6 Bf8 25. Qe3 Bd7 26. Bg5 Qd6 27. Bf4 Qf6 28. Bg5 Qd6 29. Bf4 Qf6 1/2-1/2

[Event "NRW"]
[Site "?"]
[Date "1999.07.14"]
[Round "6"]
[White "Schaefer Markus"]
[Black "Krallmann Matthias"]
[Result "1/2-1/2"]
[WhiteElo "2402"]
[BlackElo "2297"]
[PlyCount "64"]
[EventDate "1999.??.??"]
[Source "www.chesslib.no"]
[SourceDate "2004.05.04"]

1. e4 e5 2. Nf3 Nf6 3. Bc4 Nxe4 4. Nc3 Nc6 5. Nxe4 d5 6. Bd3 dxe4 7. Bxe4 Bd6 8. O-O O-O 9. c3 Bg4 10. h3 Bh5 11. Qb3 Rb8 12. d3 Kh8 13. Ng5 h6 14. Bf3 Bxf3 15. Nxf3 f5 16. Qc4 Kh7 17. Bd2 Qf6 18. Rae1 Rbe8 19. Re2 Re7 20. Rfe1 Rfe8 21. b4 a6 22. a4 g5 23. b5 axb5 24. axb5 Nb8 25. Qd5 c6 26. bxc6 bxc6 27. Qc4 Nd7 28. Bc1 Qg6 29. Qxc6 e4 30. Nd4 Ne5 31. Qd5 exd3 32. Re3 f4 1/2-1/2

[Event "Moscow RUS"]
[Site "?"]
[Date "2006.02.07"]
[Round "1"]
[White "Ponkratov Pavel"]
[Black "Mamedjarova Turkan"]
[Result "1-0"]
[WhiteElo "2406"]
[BlackElo "2280"]
[PlyCount "103"]
[EventDate "2006.??.??"]
[Source "www.chesslib.no"]
[SourceDate "2004.05.04"]

1. e4 e5 2. Nf3 Nf6 3. Bc4 Nxe4 4. Nc3 Nf6 5. Nxe5 d5 6. Bb3 Be7 7. d4 O-O 8. O-O c6 9. Ne2 Nbd7 10. Ng3 c5 11. c3 cxd4 12. cxd4 Nb6 13. Qd3 Be6 14. Bg5 Ne4 15. Bxe7 Qxe7 16. Rae1 Nxg3 17. hxg3 f5 18. Qb5 Qe8 19. Qb4 Rf6 20. Nd3 Rh6 21. Nf4 Qd7 22. Re2 Bf7 23. Re7 Qc6 24. Qa5 Rd6 25. Nd3 Re6 26. Ne5 Rxe7 27. Nxc6 bxc6 28. Rc1 Rc8 29. Qa6 Rcc7 30. Qd3 g6 31. Kf1 Kg7 32. Re1 Red7 33. Bc2 Nc4 34. b3 Nd6 35. f3 Ne8 36. Kf2 Nf6 37. Qd2 c5 38. dxc5 Rxc5 39. Bd3 d4 40. Rc1 Re5 41. Qb2 g5 42. Re1 Rc5 43. b4 Rcd5 44. a4 Bg6 45. Qd2 h6 46. a5 g4 47. Qf4 Nh5 48. Qb8 Bf7 49. Rc1 f4 50. gxf4 g3+ 51. Kf1 Nf6 52. Rc7 1-0

[Event "HUN Ch women"]
[Site "HUN"]
[Date "1993.??.??"]
[Round "10"]
[White "Grabics, Monika"]
[Black "Madl, Ildiko"]
[Result "1/2-1/2"]
[WhiteElo "2245"]
[BlackElo "2430"]
[PlyCount "120"]
[EventDate "1993.??.??"]
[Source "www.chesslib.no"]
[SourceDate "2004.05.04"]

1. e4 e5 2. Nf3 Nf6 3. Bc4 Nxe4 4. Nc3 Nxc3 5. dxc3 c6 6. Nxe5 d5 7. Bd3 Bd6 8. O-O O-O 9. Re1 Qf6 10. Qh5 h6 11. Ng4 Bxg4 12. Qxg4 Na6 13. Bxa6 bxa6 14. Qd4 Qxd4 15. cxd4 Rab8 16. b3 Bb4 17. Re3 Rfe8 18. Kf1 f6 19. Rxe8+ Rxe8 20. Be3 Kf7 21. Rd1 Ke6 22. Bd2 Bd6 23. Re1+ Kd7 24. Rxe8 Kxe8 25. Ke2 Kf7 26. h3 h5 27. Kd3 Ke6 28. a4 Kf5 29. c4 Ke6 30. Ba5 Kf5 31. Bd8 Ke6 32. Kc3 Bh2 33. Kd3 Bd6 34. c5 Bf4 35. Ba5 Kf5 36. Kc3 Ke6 37. Bd8 Kd7 38. Ba5 Ke6 39. Kc2 Kf5 40. Bd8 Ke6 41. Ba5 Kf5 42. g3 Bb8 43. Kd3 Ke6 44. Ke3 Kf5 45. Kf3 Ke6 46. Bd2 Bc7 47. b4 g5 48. Kg2 Kf5 49. f3 Bd8 50. Be1 Bc7 51. Kf2 Ke6 52. Bd2 Kf5 53. Kg2 Ke6 54. Bc1 Kf5 55. Kf2 Ke6 56. Be3 Kf5 57. Kg2 Ke6 58. Bd2 Kf5 59. Bc3 Ke6 60. Kf2 Kf5 1/2-1/2

[Event "ISL-ch"]
[Site "?"]
[Date "1999.09.31"]
[Round "1"]
[White "Thorfinnsson Bragi"]
[Black "Gunnarsson Jon Viktor"]
[Result "0-1"]
[WhiteElo "2260"]
[BlackElo "2411"]
[PlyCount "82"]
[EventDate "1999.??.??"]
[Source "www.chesslib.no"]
[SourceDate "2004.05.04"]

1. e4 e5 2. Nf3 Nf6 3. Bc4 Nxe4 4. Nc3 Nxc3 5. dxc3 f6 6. O-O Qe7 7. b4 d6 8. Nh4 Be6 9. Bxe6 Qxe6 10. f4 Nd7 11. a4 Be7 12. Qe2 O-O-O 13. a5 c6 14. a6 b6 15. c4 d5 16. cxd5 cxd5 17. Bd2 Qc6 18. Nf5 Bf8 19. c4 dxc4 20. b5 Bc5+ 21. Kh1 Qd5 22. Rac1 e4 23. Ng3 Rhe8 24. Rxc4 f5 25. Bc3 Nf6 26. Bd4 Kb8 27. Bxc5 bxc5 28. Rfc1 Rc8 29. Qb2 Re6 30. Qa3 e3 31. Ne2 Ng4 32. Rxc5 Rxc5 33. Qxc5 Qxc5 34. Rxc5 Rd6 35. Rc1 Rd2 36. Nc3 Nf2+ 37. Kg1 Nd3 38. Rb1 e2 39. Nxe2 Rxe2 40. b6 axb6 41. Rxb6+ Ka7 0-1

[Event "Tula (Russia)"]
[Site "?"]
[Date "2002.??.??"]
[Round "14"]
[White "Kalichkin Igor"]
[Black "Simantsev Mikhail"]
[Result "0-1"]
[WhiteElo "2258"]
[BlackElo "2402"]
[PlyCount "64"]
[EventDate "2002.??.??"]
[Source "www.chesslib.no"]
[SourceDate "2004.05.04"]

1. e4 e5 2. Nf3 Nf6 3. Bc4 Nxe4 4. Nc3 Nxc3 5. dxc3 f6 6. O-O d6 7. Qd5 Qe7 8. Be3 c6 9. Qa5 d5 10. Be2 Be6 11. c4 d4 12. Bxd4 exd4 13. Nxd4 b6 14. Qd2 Nd7 15. Bh5+ g6 16. Rae1 Ne5 17. f4 gxh5 18. fxe5 O-O-O 19. Qe3 Qd7 20. Nxe6 Qxe6 21. Rxf6 Qxc4 22. Qf3 Kb8 23. c3 Qxa2 24. Qxc6 Be7 25. Qf3 Bxf6 26. exf6 Rhf8 27. Qf4+ Ka8 28. h3 Qd5 29. Re5 Qd1+ 30. Kh2 Qd6 31. Rf5 Qxf4+ 32. Rxf4 Rd6 0-1

[Event "JUG Ch"]
[Site "Kladovo"]
[Date "1992.??.??"]
[Round "1"]
[White "Vratonjic, Slobodan"]
[Black "Mijailovic, Zoran"]
[Result "1-0"]
[WhiteElo "2280"]
[BlackElo "2375"]
[PlyCount "123"]
[EventDate "1992.12.??"]
[Source "www.chesslib.no"]
[SourceDate "2004.05.04"]

1. e4 e5 2. Nf3 Nf6 3. Bc4 Nxe4 4. Nc3 Nf6 5. Nxe5 d5 6. Bb3 c6 7. d4 Bd6 8. O-O O-O 9. Bg5 Nbd7 10. Nxd7 Bxd7 11. Qf3 h6 12. Bh4 Re8 13. Rae1 Rxe1 14. Rxe1 g5 15. Bg3 Bg4 16. Qe3 Qd7 17. Be5 Re8 18. Qd2 Nh7 19. f3 Bf5 20. Nd1 f6 21. Bxd6 Rxe1+ 22. Qxe1 Qxd6 23. Ne3 Bc8 24. c4 dxc4 25. Bxc4+ Kg7 26. Qc3 Nf8 27. d5 Ng6 28. dxc6 Qxc6 29. Qd4 Ne5 30. Bb3 b6 31. Qd8 Nf7 32. Qe7 Qc1+ 33. Nd1 Qc5+ 34. Qxc5 bxc5 35. Nc3 Ne5 36. Bd5 f5 37. Nb5 a5 38. Nd6 Bd7 39. Nb7 Nd3 40. b3 Nb4 41. Nxc5 Bb5 42. Be6 Nxa2 43. Bxf5 Nc3 44. Bc2 Kf6 45. Kf2 Ke5 46. Ke3 Kd5 47. Nb7 a4 48. bxa4 Nxa4 49. Nd8 Nb6 50. Nf7 Nc4+ 51. Kf2 Kd4 52. Nxh6 Bd7 53. Bf5 Be8 54. Be6 Ne5 55. Nf5+ Kd3 56. h4 gxh4 57. Nxh4 Kd2 58. Bf5 Nc4 59. g4 Ne3 60. g5 Nd1+ 61. Kg3 Ke3 62. g6 1-0

[Event "CCAS Open"]
[Site "?"]
[Date "2003.10.28"]
[Round "7"]
[White "Leygue Dominique"]
[Black "Laurent Bruno"]
[Result "0-1"]
[WhiteElo "2265"]
[BlackElo "2365"]
[PlyCount "46"]
[EventDate "2003.??.??"]
[Source "www.chesslib.no"]
[SourceDate "2004.05.04"]

1. e4 e5 2. Nf3 Nf6 3. Bc4 Nxe4 4. Nc3 Nc6 5. Nxe4 d5 6. Bd3 dxe4 7. Bxe4 Nb4 8. O-O f5 9. Nxe5 fxe4 10. Qh5+ g6 11. Nxg6 hxg6 12. Qxh8 Nxc2 13. Rb1 Bf5 14. d3 exd3 15. g4 Bxg4 16. Qe5+ Kf7 17. Qf4+ Bf5 18. Qc4+ Kg7 19. Bd2 Be7 20. Qf4 Bf6 21. Kh1 Qe7 22. f3 Rh8 23. Rg1 Qe5 0-1

[Event "Punta del Este"]
[Site "?"]
[Date "1999.??.??"]
[Round "5"]
[White "Crosa Coll Martin"]
[Black "Ginzburg Maximiliano"]
[Result "1-0"]
[WhiteElo "2218"]
[BlackElo "2406"]
[PlyCount "45"]
[EventDate "1999.??.??"]
[Source "www.chesslib.no"]
[SourceDate "2004.05.04"]

1. e4 e5 2. Nf3 Nf6 3. Bc4 Nxe4 4. Nc3 Nd6 5. Bb3 Nc6 6. Qe2 Be7 7. Nxe5 O-O 8. O-O Nd4 9. Qh5 Nxb3 10. axb3 c6 11. d4 Ne8 12. d5 d6 13. Nc4 Nf6 14. Qf3 Bg4 15. Qd3 Qd7 16. Ne3 Bh5 17. f4 Ng4 18. Qf5 Qxf5 19. Nxf5 Bd8 20. h3 Bb6+ 21. Kh1 Nf2+ 22. Kh2 Bg6 23. Ne3 1-0

[Event "BL2-Nord 9900"]
[Site "Germany"]
[Date "1999.11.07"]
[Round "2.3"]
[White "Fette, Martin"]
[Black "Quast, Michael"]
[Result "1/2-1/2"]
[WhiteElo "2340"]
[BlackElo "2275"]
[PlyCount "43"]
[EventDate "1999.10.??"]
[Source "ChessBase"]
[SourceDate "2000.03.10"]

1. e4 e5 2. Nf3 Nf6 3. Bc4 Nxe4 4. Nc3 Nc6 5. Nxe4 d5 6. Bd3 dxe4 7. Bxe4 Bd6 8. O-O O-O 9. Re1 Re8 10. d3 Bg4 11. c3 Qd7 12. h3 Bf5 13. Qb3 Bxe4 14. dxe4 Nd8 15. Nh4 Qe6 16. Nf5 Bf8 17. Rd1 Qxb3 18. axb3 Ne6 19. Be3 a6 20. b4 Red8 21. g3 f6 22. f3 1/2-1/2

[Event "HUN-chT3 0102"]
[Site "?"]
[Date "2002.01.13"]
[Round "5.1"]
[White "Paszler Jozsef"]
[Black "Mathe Gaspar"]
[Result "1/2-1/2"]
[WhiteElo "2240"]
[BlackElo "2363"]
[PlyCount "28"]
[EventDate "2002.??.??"]
[Source "www.chesslib.no"]
[SourceDate "2004.05.04"]

1. e4 e5 2. Nf3 Nf6 3. Bc4 Nxe4 4. Qe2 d5 5. Nxe5 Be6 6. Bb3 Bd6 7. d4 O-O 8. Nd2 f5 9. O-O c5 10. c3 Qf6 11. f3 Ng5 12. Re1 cxd4 13. cxd4 Nc6 14. f4 Ne4 1/2-1/2

[Event "Slupsk"]
[Site "Slupsk"]
[Date "1989.??.??"]
[Round "4"]
[White "Kurlenda, Adam"]
[Black "Weglarz, Leszek"]
[Result "1-0"]
[WhiteElo "2275"]
[BlackElo "2325"]
[PlyCount "82"]
[EventDate "1989.??.??"]
[Source "www.chesslib.no"]
[SourceDate "2004.05.04"]

1. e4 e5 2. Nf3 Nf6 3. Bc4 Nxe4 4. Nc3 Nd6 5. Bb3 Nc6 6. O-O Be7 7. d4 exd4 8. Nd5 O-O 9. Re1 Bf6 10. Bf4 b6 11. h4 Bb7 12. Ng5 h6 13. Qh5 Na5 14. Bxd6 Nxb3 15. Bxc7 Nxa1 16. Bxd8 Bxd8 17. Rxa1 Bxd5 18. Nh7 Kxh7 19. Qxd5 Bf6 20. Re1 Kg8 21. Qxd7 Rfd8 22. Qg4 Rac8 23. Re2 Rc5 24. g3 h5 25. Qf3 Rdc8 26. Qb7 g6 27. Qxa7 Rxc2 28. Rxc2 Rxc2 29. Qxb6 Kg7 30. Qb5 Rd2 31. Qb3 d3 32. Kf1 Rxb2 33. Qxd3 Rxa2 34. Kg2 Rb2 35. Kf3 Ra2 36. Ke3 Ra1 37. f3 Rc1 38. Kf2 Rc3 39. Qd2 Rb3 40. Qd5 Rb2+ 41. Ke3 Rb3+ 1-0